<?xml version="1.0" encoding="UTF-8"?>
<record
    xmlns:xsi="http://www.w3.org/2001/XMLSchema-instance"
    xsi:schemaLocation="http://www.loc.gov/MARC21/slim http://www.loc.gov/standards/marcxml/schema/MARC21slim.xsd"
    xmlns="http://www.loc.gov/MARC21/slim">

  <leader>02804nab a2200289uuc4500</leader>
  <controlfield tag="001">1442214</controlfield>
  <controlfield tag="005">20240202123538.0</controlfield>
  <controlfield tag="008">160531e20150305                    spa  </controlfield>
  <datafield tag="035" ind1=" " ind2=" ">
    <subfield code="a">1442214</subfield>
  </datafield>
  <datafield tag="040" ind1=" " ind2=" ">
    <subfield code="c">comduadb</subfield>
  </datafield>
  <datafield tag="041" ind1=" " ind2=" ">
    <subfield code="a">spa</subfield>
  </datafield>
  <datafield tag="100" ind1="1" ind2="0">
    <subfield code="a">Conde Osorio, Andrea Marcela</subfield>
    <subfield code="4">aut</subfield>
    <subfield code="e">aut</subfield>
    <subfield code="9">720588</subfield>
  </datafield>
  <datafield tag="245" ind1="1" ind2="0">
    <subfield code="a">Evaluaci&#xF3;n de la sensibilidad a insecticidas en poblaciones de Aedes aegypti (Diptera: Culicidae) del departamento de Caldas, Colombia, en 2007 y 2011</subfield>
  </datafield>
  <datafield tag="520" ind1="3" ind2=" ">
    <subfield code="a">Introducci&#xF3;n. El uso continuo de insecticidas para el control de la transmisi&#xF3;n del dengue puede generar una reducci&#xF3;n en los niveles de sensibilidad de las poblaciones de los mosquitos vectores. La vigilancia oportuna es necesaria para detectar cualquier problema potencial de resistencia. Objetivo. Determinar el estado de la sensibilidad a insecticidas de uso en salud p&#xFA;blica en poblaciones de Aedes aegypti del departamento de Caldas, Colombia, en el 2007 y el 2011. Materiales y m&#xE9;todos. Se realizaron pruebas de sensibilidad a los organofosforados temef&#xF3;s, malati&#xF3;n, fenitroti&#xF3;n y metil-pirimif&#xF3;s y al piretroide deltametrina, siguiendo las metodolog&#xED;as estandarizadas de la Organizaci&#xF3;n Mundial de la Salud y de los Centers for Disease Control and Prevention de los Estados Unidos. Resultados. En el 2007 se encontr&#xF3; resistencia al temef&#xF3;s en dos barrios del municipio de La Dorada, con grados de resistencia de 11,5 y 13,3. Por ello, la Direcci&#xF3;n Territorial de Salud de Caldas suspendi&#xF3; el uso de este larvicida en dichos barrios. Cuatro a&#xF1;os despu&#xE9;s, en el 2011, se observ&#xF3; una reducci&#xF3;n en los grados de resistencia al temef&#xF3;s, as&#xED; como resistencia al metil-pirimif&#xF3;s. Todas las poblaciones evaluadas fueron sensibles a los insecticidas deltametrina, malati&#xF3;n y fenitroti&#xF3;n en los dos per&#xED;odos. Conclusi&#xF3;n. La cuantificaci&#xF3;n de los grados de resistencia en dos per&#xED;odos permiti&#xF3; evidenciar la reducci&#xF3;n de la resistencia al temef&#xF3;s despu&#xE9;s de suspender su uso. Se recomienda mantener la vigilancia de los niveles de sensibilidad de los insecticidas usados en los programas de control de dengue.</subfield>
  </datafield>
  <datafield tag="650" ind1=" " ind2="7">
    <subfield code="a">Aedes aegypti</subfield>
    <subfield code="2">embne</subfield>
    <subfield code="9">36174</subfield>
  </datafield>
  <datafield tag="650" ind1=" " ind2="7">
    <subfield code="a">Resistencia a insecticidas</subfield>
    <subfield code="2">lemb</subfield>
    <subfield code="9">27111</subfield>
  </datafield>
  <datafield tag="650" ind1=" " ind2=" ">
    <subfield code="a">Insecticidas organofosforados</subfield>
    <subfield code="9">153526</subfield>
  </datafield>
  <datafield tag="650" ind1=" " ind2=" ">
    <subfield code="a">Control de vectores</subfield>
    <subfield code="9">23677</subfield>
  </datafield>
  <datafield tag="650" ind1=" " ind2=" ">
    <subfield code="a">Temef&#xF3;s</subfield>
    <subfield code="9">220358</subfield>
  </datafield>
  <datafield tag="700" ind1="1" ind2="0">
    <subfield code="a">Orjuela Gonz&#xE1;lez, Lorena Isabel</subfield>
    <subfield code="4">aut</subfield>
    <subfield code="e">aut</subfield>
    <subfield code="9">688653</subfield>
  </datafield>
  <datafield tag="700" ind1="1" ind2="0">
    <subfield code="a">Herrera Varela, Manuela</subfield>
    <subfield code="4">aut</subfield>
    <subfield code="e">aut</subfield>
    <subfield code="9">704849</subfield>
  </datafield>
  <datafield tag="700" ind1="1" ind2="0">
    <subfield code="a">Qui&#xF1;ones Pinz&#xF3;n, Martha L.</subfield>
    <subfield code="4">aut</subfield>
    <subfield code="e">aut</subfield>
    <subfield code="9">576372</subfield>
  </datafield>
  <datafield tag="700" ind1="1" ind2="0">
    <subfield code="a">Castellanos Balbuena, C&#xE9;sar Augusto</subfield>
    <subfield code="4">aut</subfield>
    <subfield code="e">aut</subfield>
    <subfield code="9">756971</subfield>
  </datafield>
  <datafield tag="700" ind1="1" ind2="0">
    <subfield code="a">Licastro, Susana A. de</subfield>
    <subfield code="4">aut</subfield>
    <subfield code="e">aut</subfield>
    <subfield code="9">300322</subfield>
  </datafield>
  <datafield tag="773" ind1="0" ind2=" ">
    <subfield code="t">Biom&#xE9;dica (Bogot&#xE1;)</subfield>
    <subfield code="g">Volumen 35, N&#xFA;mero 01, Marzo 2015, p&#xE1;ginas 43-52</subfield>
    <subfield code="w">317894</subfield>
    <subfield code="x">0120-4157</subfield>
    <subfield code="0">101744</subfield>
  </datafield>
  <datafield tag="942" ind1=" " ind2=" ">
    <subfield code="c">ARIMP</subfield>
  </datafield>
  <datafield tag="999" ind1=" " ind2=" ">
    <subfield code="c">732332</subfield>
    <subfield code="d">732332</subfield>
  </datafield>
</record>
